| 000 | 00554nam a22001457a 4500 | ||
|---|---|---|---|
| 003 | SGT | ||
| 082 |
_a617.6342 _bC23D |
||
| 100 | _aDeepanshi | ||
| 245 |
_aComparative Clinical Evaluation of three different types of class II Cavity preparation: Conventional Class II, Conservative Class II & Clark Class II using modified USPHS Ryge Criteria _bAn In Vivo Study |
||
| 260 |
_aGurugram, Haryana _bSGT University _c2023 |
||
| 300 | _a107 | ||
| 650 | _aConservative Dentistry & Endodontics | ||
| 653 | _aConservative Dentistry & Endodontics | ||
| 942 |
_2ddc _cTH |
||
| 999 |
_c23737 _d23737 |
||